000 00795 a2200205 4500
020 _a1558609148
040 _aDLC
_bDLC
082 0 0 _a681.2
100 1 _aZhao, Feng,
245 1 0 _aWireless sensor networks: an information processing approach
_ban information processing approach
_cFeng Zhao, Leonidas J. Guibas.
260 _aAmsterdam ;
_aSan Francisco :
_bMorgan Kaufmann,
_cc2004.
300 _axvii, 358 p. ;
_bill. ;
_c25 cm.
440 4 _aThe Morgan Kaufmann series in networking
650 0 _aSensor networks.
650 0 _aWireless LANs.
700 1 _aGuibas, Leonidas J.
856 4 1 _3Table of contents
_uhttp://www.loc.gov/catdir/toc/els051/2004301905.html
856 4 1 _3Publisher description
_uhttp://www.loc.gov/catdir/description/els051/2004301905.html
942 _cBK
_k004.68 ZHA
_2ddc
999 _c4208
_d4208